| 000 | 03350ncm0a2200577 4500 | ||
|---|---|---|---|
| 001 | RU\NLR\ONIZ\306024 | ||
| 005 | 20260217124222.8 | ||
| 035 | _a(NLR Aleph) 022452558 | ||
| 071 | 2 | 0 | _a2 |
| 090 |
_a13358713 _c13358713 |
||
| 100 | _a20250206d1813 |||y0rusy50 ca | ||
| 101 | 0 | _arus | |
| 102 | _aRU | ||
| 125 | _aa| | ||
| 128 |
_aop _armc |
||
| 135 | _acrcn 024anaba | ||
| 145 | 0 | _ac | |
| 200 | 1 |
_aРоманс из оперы "Иосифа Прекраснаго" _bНоты _h№ 2 _e"Увы! Когда сей сын любезный..." _e[для фортепиано с надписанным текстом] _f[музыка Э. Н. Мегюля] _gпетый г-жею Лебедевой |
|
| 203 |
_aМузыка _bзнаковая _bвизуальная _cнепосредственная |
||
| 210 |
_aВ С. П. Б. _cу Пеца _aв Москве _cу гос. Ленгольда _dценз. 1813 |
||
| 215 |
_a3 с. _d32 см |
||
| 313 | _aСистематизация документа проведена по изданию - Методика классифицирования музыкальных произведений (нотных изданий) по таблицам Библиотечно-библиографических классификаций : метод. рекомендации / Гос. б-ка СССР им. В.И. Ленина.- М., 1977. Индексу ББК методических рекомендаций присваивается код ББК для научных библиотек - LBC/SL | ||
| 316 |
_6b03852 _aЭкз. М 982-4/66 (№ 155329). Припл. к: Песнь рускому царю. В С. Петербурге; в Москве, ценз. 1813 _5NLR |
||
| 325 | _aКопия доступна в Электрон. б-ке РНБ | ||
| 482 | 0 |
_6b03852 _1001RU\NLR\ONIZ\306021 _1852##$aNLR$bМ$j982-4/66$p274843$t1 |
|
| 500 | 0 | 0 |
_aИосиф Прекрасный _lопера |
| 606 | 1 |
_aОперная музыка французская _z19 в. _jНоты _2nlr_sh |
|
| 608 |
_aРоманс (вокальный) _jНоты _2nlr_sh |
||
| 608 |
_aОпера _jНоты _2nlr_sh |
||
| 620 |
_dСанкт-Петербург _2nlr_sh1 |
||
| 686 | 0 | _aЩ954.2-071(4Фр) | |
| 686 | 0 | _aЩ93(4Фр)45-71 | |
| 700 | 1 |
_6z01790 _aМегюль _bЭ. Н. _cкомпозитор _f1763-1817 _gЭтьенн Никола _4230 _7ca |
|
| 702 | 1 |
_6z02790 _aЛебедева _bЕ. М. _f1-я пол. XIX в. _gЕлена Михайловна _4721 _7ca |
|
| 790 | 1 |
_6z01700 _aMéhul _bÉ. N. _f1763-1817 _gÉtienne-Nicolas _4230 _7ba |
|
| 790 | 1 |
_6z02702 _aLebedeva _bE. M. _f1-я пол. XIX в. _gElena Michajlovna _4721 _7ba |
|
| 801 | 0 |
_aRU _bNLR _c20250206 _gPSBO |
|
| 801 | 1 |
_aRU _bNLR _c20250206 _2rusmarc |
|
| 801 | 2 |
_aRU _bNLR _c20250206 |
|
| 852 |
_6b03482 _6b03316 _aNLR _jМ 982-4/66 _m155329 _t1 |
||
| 856 | 0 | _uhttps://vivaldi.nlr.ru/bn000011752/view | |
| 856 | 1 | _uhttps://vivaldi.nlr.ru/bn000011752/cover | |
| 856 | 2 | _uhttps://vivaldi.nlr.ru/bn000011752/text | |
| 901 | _eНотные издания | ||
| 942 | _cSCORE | ||
| 980 | _aNB | ||
| 980 | _aNB | ||
| 980 | _aONIZ | ||
| 981 | 2 | 0 |
_a(20) Книжные памятники РНБ _b(20) ОНиЗ |